000 00459nam a2200157Ia 4500
003 IN-BaIIA
008 211028s9999 xx 000 0 eng d
040 _cIIA Library
080 _aGEN
_bING
100 _aIngham, Eunice D
_910328
245 0 _aStories the Fet Can Tell
_cEunice D Ingham
260 _aRochester
_bEunice D Ingham
300 _a109p.
650 _aAstronomy and Astrophysics Thesaurus
942 _cBK
999 _c5956
_d5956